Представление документа в формате RUSMARC

ПолеНазваниеЗначение
  Тип записи a
  Библиографический уровень m
001 Контрольный номер RU/SLIB/B/208770493
005 Дата корректировки 20201206204259.5
010 Индекс ISBN __
a ISBN 5-222-02584-5 (В пер.)
d Цена 60-00
021 № государственной регистрации __
b № документа 2002-45659
b № документа 2211
100 Данные общей обработки __
a Данные общей обработки 19021203d2002 |||y0rusy0189 ca
101 Язык документа 0_
a Язык текста rus
c Язык оригинала rus
102 Страна публикации __
a Страна публикации RU
105 Кодированные данные (монография) __
a Кодированные данные (монография) a |||||||zy
200 Заглавие и сведения об ответственности __
a Заглавие Беременность и 4 группы крови
f Первые сведения об ответственности [Н. Н. Лавров]
b Общее обозначение материала Текст
210 Выходные данные __
a Место издания Ростов н/Д
c Издательство Феникс
d Дата издания 2002
215 Физическое описание __
a Объем 319 с.
c Иллюстрации/тип воспроизводства ил.
225 Серия __
a Серия Хит сезона
300 Общие примечания __
a Общие примечания Авт. указ. на пер.
320 Библиография __
a Библиография Библиогр.: с. 315-316
606 Тематические рубрики __
a Основная рубрика Здравоохранение. Медицинские науки
606 Тематические рубрики __
a Основная рубрика Акушерство
610 Ключевые слова __
a Ключевые слова беременность; гигиена женщины; группы крови; акушерство; кровь; группы крови
686 Индексы других классификаций __
a Классификационный индекс 57.161.1
700 Автор _1
a Фамилия Лавров
b Имя Н. Н.
g Полное личное имя Николай Николаевич
4 Код отношения 070
801 Источник записи _0
a Страна RU
b Организация Муниципальное бюджетное учреждение культуры "Централизованная библиотечная система" г. Сургут (Центральная городская библиотека им. А. С. Пушкина)
c Дата составления 20021203
g Правила каталогизации КиК/Гришунина
801 Источник записи _1
a Страна RU
b Организация Муниципальное бюджетное учреждение культуры "Централизованная библиотечная система" г. Сургут (Центральная городская библиотека им. А. С. Пушкина)
c Дата составления 20021203
g Правила каталогизации КиК/Гришунина
852 Данные о местонахождении __
j Шифр хранения 57.161.1
c Каталожный индекс 57.16
i Авторский знак Л 13
p Инвентарный номер 05060479
901 Тип документа __
t Тип документа m
903 Характеристики (МАРС) __
a Дата передачи 20050531
990 Данные о заказе (DOS) __
t N записи в КСУ для И/У (DOS) 200607
j Количество экземпляров (DOS) 2